Gemma Collins TV Shows - Statistics

General Stats
  • This quiz has been taken 23 times
  • The average score is 7 of 10
Answer Stats
Hint TV Show % Correct
Massive show where she was evicted only 3 days before the final Celebrity Big Brother
100%
She withdrew from the jungle after spending 72 hours I'm a Celebrity...Get Me Out of Here!
100%
Show bringing her to fame The Only Way Is Essex
100%
Celebrity version of one of the biggest cooking reality programs Celebrity Masterchef
94%
Dating reality show Celebs Go Dating
78%
Show here she received immense media attention for her fall while performing Dancing on Ice
67%
Celebrities attempt to master diving Splash!
61%
She was a finalist in this singing show presented by Rob Beckett and Geri Halliwell All Together Now, Celebrities
44%
Show where celebrities take on a sugar-free diet Sugar Free Farm
39%
Show offering insight into her personal day to day life Gemma Collins: Diva Forever
33%
No matching quizzes found
Score Distribution
Percent of People with Each Score
Percentile by Number Answered
Your Score History
You have not taken this quiz